| 000 | 00473nam a2200169Ia 4500 | ||
|---|---|---|---|
| 001 | 18564 | ||
| 003 | IN-NITTTR | ||
| 005 | 20251114233216.0 | ||
| 008 | 251113s9999||||xx |||||||||||||| ||eng|| | ||
| 040 | _beng | ||
| 040 | _cIN-NITTTR | ||
| 041 | _aeng | ||
| 082 | _a350.0003 I2C R | ||
| 100 | _aIndia. Ministry of Human Resource Development, | ||
| 245 | 0 |
_aConsolidated glossary of administrative terms / _cIndia. Ministry of Human Resource Development |
|
| 942 |
_2ddc _cBK |
||
| 999 |
_c21198 _d21198 |
||